Nurembergs : lectures dels processos contra criminals de guerra a la Barcelona franquista / Francesc Vilanova Vila-Abadal lectures dels processos contra criminals de guerra a la Barcelona franquista / Francesc Vilanova Vila-Abadal
ISBN:
84-95417-49-9
Descripción Física:
89 p. ; 20 cm
Colección:
Punt de vista ; 22
MARC
| LEADER | 00000nam a2200000Ia 4500 | ||
|---|---|---|---|
| 001 | 13416 | ||
| 008 | 160829s2004 xx 000 0 cat d | ||
| 020 | |a 84-95417-49-9 | ||
| 080 | |a H-2-286 | ||
| 100 | |a Vilanova, Francesc |9 37678 | ||
| 245 | |a Nurembergs : |b lectures dels processos contra criminals de guerra a la Barcelona franquista / Francesc Vilanova Vila-Abadal | ||
| 260 | |a Barcelona : |b Fundació Carles Pi i Sunyer d'Estudis Autonòmics i Locals, |c 2004 | ||
| 300 | |a 89 p. ; |c 20 cm | ||
| 490 | |a Punt de vista ; 22 | ||
| 650 | |a Procés de Nuremberg, 1945/1946 |9 25628 | ||
| 650 | |a Crims de guerra |9 25629 | ||
| 650 | 0 | |a Franquisme |9 31577 | |
| 650 | |a Barcelona |9 25152 | ||
| 710 | 1 | |a Fundació Carles Pi i Sunyer d'Estudis Autonòmics i Locals |9 52753 | |
| 901 | |a Arxiu | ||
| 942 | |n 1 | ||
| 952 | |0 0 |1 0 |4 0 |6 H2286 |7 1 |9 43710 |a Arxiu |b Arxiu |d 2016-12-01 |l 0 |o H-2-286 |p 13416 |r 2016-12-01 00:00:00 |w 2016-12-01 |y ARXIU | ||
| 999 | |c 46258 |d 46258 | ||